Investigación sobre la existencia de posibles cambios de clima en la Patagonia /
Guardado en:
| Autor Principal: | |
|---|---|
| Otros Autores: | |
| Formato: | Libro |
| Idioma: | Spanish |
| Publicado: |
Buenos Aires :
Consejo Nacional de Desarrollo,
1965.
|
| Etiquetas: |
Agregar Etiqueta
Sin Etiquetas, Sea el primero en etiquetar este registro!
|
| LEADER | 00605nam a22001575a 4500 | ||
|---|---|---|---|
| 001 | EUN.um022012 | ||
| 003 | AR-BaUNS | ||
| 005 | 20050623122901.0 | ||
| 008 | 041125s1965####ag#a##########000#0#spa#d | ||
| 245 | 1 | 0 | |a Investigación sobre la existencia de posibles cambios de clima en la Patagonia / |c Alfredo G. Galmarini, José M. Raffo del Campo. |
| 260 | |a Buenos Aires : |b Consejo Nacional de Desarrollo, |c 1965. | ||
| 300 | |a 54 p. : |b ilus. ; |c 25,5 cm. | ||
| 100 | 1 | |a Galmarini, Alfredo G. | |
| 700 | 1 | |a Raffo del Campo, José M. | |
| 082 | 0 | 4 | |a 551.5982 |
| 859 | |a Ar-BaUNS |b BIB. CENTRAL - Sector C |h 551.5982 |i G137-1 |p 67769/973 |t Ej.2 | ||
